header

Jim Cramer's real money :sane investing in an insane world / : (Record no. 250240)

MARC details
000 -LEADER
fixed length control field 01371cam a22003494a 4500
001 - CONTROL NUMBER
control field 13842539
003 - CONTROL NUMBER IDENTIFIER
control field OSt
005 - DATE AND TIME OF LATEST TRANSACTION
control field 20160527112046.0
008 - FIXED-LENGTH DATA ELEMENTS--GENERAL INFORMATION
fixed length control field 050114s2005 nyua 001 0 eng
010 ## - LIBRARY OF CONGRESS CONTROL NUMBER
LC control number 2005042499
020 ## - INTERNATIONAL STANDARD BOOK NUMBER
International Standard Book Number 0743224892
040 ## - CATALOGING SOURCE
Original cataloging agency DLC
Transcribing agency DLC
Modifying agency DLC
042 ## - AUTHENTICATION CODE
Authentication code pcc
050 00 - LIBRARY OF CONGRESS CALL NUMBER
Classification number HG4529
Item number .C727 2005
082 00 - DEWEY DECIMAL CLASSIFICATION NUMBER
Classification number 332.6
Edition number 22
100 1# - MAIN ENTRY--PERSONAL NAME
Personal name Cramer, Jim.
245 10 - TITLE STATEMENT
Title Jim Cramer's real money :sane investing in an insane world / :
Statement of responsibility, etc James J. Cramer.
246 30 - VARYING FORM OF TITLE
Title proper/short title Real money
260 ## - PUBLICATION, DISTRIBUTION, ETC. (IMPRINT)
Place of publication, distribution, etc New York :
Name of publisher, distributor, etc Simon & Schuster,
Date of publication, distribution, etc c2005.
300 ## - PHYSICAL DESCRIPTION
Extent ix, 300 p. :
Other physical details ill. ;
Dimensions 25 cm.
500 ## - GENERAL NOTE
General note Includes index.
650 #0 - SUBJECT ADDED ENTRY--TOPICAL TERM
Topical term or geographic name as entry element Investment analysis.
Topical term or geographic name as entry element Portfolio management.
Topical term or geographic name as entry element Investments.
856 41 - ELECTRONIC LOCATION AND ACCESS
Materials specified Table of contents only
Uniform Resource Identifier <a href="http://www.loc.gov/catdir/toc/fy053/2005042499.html">http://www.loc.gov/catdir/toc/fy053/2005042499.html</a>
Materials specified Publisher description
Uniform Resource Identifier <a href="http://www.loc.gov/catdir/enhancements/fy0631/2005042499-d.html">http://www.loc.gov/catdir/enhancements/fy0631/2005042499-d.html</a>
Materials specified Sample text
Uniform Resource Identifier <a href="http://www.loc.gov/catdir/enhancements/fy0641/2005042499-s.html">http://www.loc.gov/catdir/enhancements/fy0641/2005042499-s.html</a>
Materials specified Contributor biographical information
Uniform Resource Identifier <a href="http://www.loc.gov/catdir/enhancements/fy0902/2005042499-b.html">http://www.loc.gov/catdir/enhancements/fy0902/2005042499-b.html</a>
906 ## - LOCAL DATA ELEMENT F, LDF (RLIN)
a 7
b cbc
c orignew
d 1
e ocip
f 20
g y-gencatlg
942 ## - ADDED ENTRY ELEMENTS (KOHA)
Source of classification or shelving scheme Library of Congress Classification
Koha item type Reference
Holdings
Withdrawn status Lost status Source of classification or shelving scheme Damaged status Not for loan Collection code Home library Current library Shelving location Date acquired Total Checkouts Full call number Barcode Date last seen Date checked out Price effective from Koha item type
    Library of Congress Classification     Non-fiction Rongo University Library Rongo University Library General Stacks 07/10/2015 2 HG4529 .C727 2005 20153926 29/06/2017 20/04/2017 07/10/2015 Long Loan Books

© 2026 Rongo University
Contact us: librarian | system librarian | Rongo university